Thermodynamics (Record no. 8344)

000 -LEADER
fixed length control field 00603nam a2200217 i 4500
001 - CONTROL NUMBER
control field 8344
003 - CONTROL NUMBER IDENTIFIER
control field BD-DhUET
008 - FIXED-LENGTH DATA ELEMENTS--GENERAL INFORMATION
fixed length control field 770308s1978 nyua b 001 0 eng
020 ## - INTERNATIONAL STANDARD BOOK NUMBER
International Standard Book Number 0023355301
040 ## - CATALOGING SOURCE
Original cataloging agency DLC
Transcribing agency DLC
Modifying agency BD-DhUET
082 ## - DEWEY DECIMAL CLASSIFICATION NUMBER
Classification number 621.01
Item number FAI/1970
100 ## - MAIN ENTRY--PERSONAL NAME
Personal name Faires, Virgil Moring
245 10 - TITLE STATEMENT
Title Thermodynamics
Statement of responsibility, etc. by Virgil Moring Faires and Clifford Max Simmang
250 ## - EDITION STATEMENT
Edition statement 6th ed.
260 ## - PUBLICATION, DISTRIBUTION, ETC. (IMPRINT)
Place of publication, distribution, etc. New York
Name of publisher, distributor, etc. Macmillan
Date of publication, distribution, etc. 1970
300 ## - PHYSICAL DESCRIPTION
Extent xxiii, 647 p.
Other physical details ill.
Dimensions 26 cm.
504 ## - BIBLIOGRAPHY, ETC. NOTE
Bibliography, etc Includes bibliographies
650 #0 - SUBJECT ADDED ENTRY--TOPICAL TERM
Topical term or geographic name as entry element Thermodynamics
700 ## - ADDED ENTRY--PERSONAL NAME
Personal name Simmang, Clifford Max
942 ## - ADDED ENTRY ELEMENTS (KOHA)
Koha item type General Book
Holdings
Location (home branch) Damaged status Shelving location Koha item type Source of classification or shelving scheme Price effective from Koha full call number Copy number Date acquired Lost status Piece designation (barcode) Sublocation or collection (holding branch) Koha normalized classification for sorting Not for loan Koha date last seen Withdrawn status
Central Library, BUET Circulation sectionGeneral Book 2015-01-20621.01/FAI/197812015-01-20 42943Central Library, BUET621_010000000000000_FAI_1978 2015-01-20 
Central Library, BUET Rental sectionRental Item 2024-12-11621.01 FAI/1970৬/ক-১1985-06-11 63135Central Library, BUET621_010000000000000_FAI_1970 2024-12-11 
Central Library, BUET Rental sectionRental Item 2024-12-11621.01 FAI/1970৬/ক-২1985-06-11 63136Central Library, BUET621_010000000000000_FAI_1970 2024-12-11 
Central Library, BUET Rental sectionRental Item 2024-12-11621.01 FAI/1970৬/ক-৩1985-06-11 63137Central Library, BUET621_010000000000000_FAI_1970 2024-12-11 
Central Library, BUET Rental sectionRental Item 2024-12-11621.01 FAI/1970৬/ক-৪1985-06-11 63138Central Library, BUET621_010000000000000_FAI_1970 2024-12-11 
Central Library, BUET Rental sectionRental Item 2024-12-11621.01 FAI/1970৬/ক-৫1985-06-11 63139Central Library, BUET621_010000000000000_FAI_1970 2024-12-11 
Central Library, BUET Rental sectionRental Item 2024-12-11621.01 FAI/1970৬/ক-৬1985-06-11 63140Central Library, BUET621_010000000000000_FAI_1970 2024-12-11 
Central Library, BUET Rental sectionRental Item 2024-12-11621.01 FAI/1970৬/ক-৭1985-06-11 63141Central Library, BUET621_010000000000000_FAI_1970 2024-12-11 
Central Library, BUET Rental sectionRental Item 2024-12-11621.01 FAI/1970৬/ক-৮1985-06-11 63142Central Library, BUET621_010000000000000_FAI_1970 2024-12-11 
Central Library, BUET Rental sectionRental Item 2024-12-11621.01 FAI/1970৬/ক-৯1985-06-11 63143Central Library, BUET621_010000000000000_FAI_1970 2024-12-11 
Central Library, BUET Rental sectionRental Item 2024-12-11621.01 FAI/1970৬/ক-১০1985-06-11 63144Central Library, BUET621_010000000000000_FAI_1970 2024-12-11 
Central Library, BUET Rental sectionRental Item 2024-12-11621.01 FAI/1970৬/ক-১১1985-06-11 63145Central Library, BUET621_010000000000000_FAI_1970 2024-12-11 
Central Library, BUET Rental sectionRental Item 2024-12-11621.01 FAI/1970৬/ক-১২1985-06-11 63146Central Library, BUET621_010000000000000_FAI_1970 2024-12-11 
Central Library, BUET Rental sectionRental Item 2024-12-11621.01 FAI/1970৬/ক-১৩1985-06-11 63147Central Library, BUET621_010000000000000_FAI_1970 2024-12-11 
Central Library, BUET Rental sectionRental Item 2024-12-11621.01 FAI/1970৬/ক-১৪1985-06-11 63148Central Library, BUET621_010000000000000_FAI_1970 2024-12-11 
Central Library, BUET Rental sectionRental Item 2024-12-11621.01 FAI/1970৬/ক-১৫1985-06-11 63149Central Library, BUET621_010000000000000_FAI_1970 2024-12-11 
Central Library, BUET Rental sectionRental Item 2024-12-11621.01 FAI/1970৬/ক-১৬1985-06-11 63150Central Library, BUET621_010000000000000_FAI_1970 2024-12-11 
Central Library, BUET Rental sectionRental Item 2024-12-11621.01 FAI/1970৬/ক-১৭1985-06-11 63151Central Library, BUET621_010000000000000_FAI_1970 2024-12-11 
Central Library, BUET Rental sectionRental Item 2024-12-11621.01 FAI/1970৬/ক-১৮1985-06-11 63152Central Library, BUET621_010000000000000_FAI_1970 2024-12-11 
Central Library, BUET Rental sectionRental Item 2024-12-11621.01 FAI/1970৬/ক-১৯1985-06-11 63153Central Library, BUET621_010000000000000_FAI_1970 2024-12-11 
Central Library, BUET Rental sectionRental Item 2024-12-11621.01 FAI/1970৬/ক-২০1985-06-11 63154Central Library, BUET621_010000000000000_FAI_1970 2024-12-11